[Event "Detroit (Class C/3/1)"]
[Site "?"]
[Date "1996.??.??"]
[Round "?"]
[White "Marson, Michael"]
[Black "Bloch, Hermann"]
[Result "1-0"]
[WhiteElo "1605"]
[BlackElo "1605"]
[PlyCount "57"]
[EventDate "1996.??.??"]

{3/(1)} 1. d4 d5 2. c4 c6 3. Nf3 Nf6 4. Nc3 dxc4 5. a4 Bd7 6. e4 b5 7. Bg5 h6
8. Bh4 g5 9. Bg3 b4 10. Na2 Nxe4 11. Bxc4 Nxg3 12. hxg3 Qa5 13. Ne5 e6 14. Qh5
Rh7 15. O-O Na6 16. Rfe1 Ke7 17. f4 Qb6 18. Rad1 gxf4 19. gxf4 Rg7 20. f5 Be8
21. fxe6 f6 22. Nf7 Rg5 23. Qf3 Nc7 24. Nxg5 hxg5 25. Rf1 Bg7 26. Qf5 Kd6 27.
Qh7 Nxe6 28. Bxe6 Qc7 29. Qh2+ 1-0

[Event "Howell (US Am N/1/40)"]
[Site "?"]
[Date "1996.??.??"]
[Round "?"]
[White "Marson, Michael"]
[Black "Berry, DeMarcus"]
[Result "1/2-1/2"]
[WhiteElo "1665"]
[BlackElo "1605"]
[PlyCount "114"]
[EventDate "1996.??.??"]

{1/(40)} 1. d4 c6 2. c4 d5 3. Nc3 Bf5 4. Nf3 e6 5. cxd5 cxd5 6. Bg5 Be7 7. h4
Nc6 8. Qb3 Nb4 9. Rc1 Bxg5 10. hxg5 Qe7 11. a3 Nc6 12. e3 f6 13. gxf6 Nxf6 14.
Bb5 O-O 15. Bxc6 bxc6 16. Ne5 Qd6 17. Ne2 Rab8 18. Qc3 Rfc8 19. Ng3 Be4 20. O-O
Rb6 21. b4 a6 22. Qc5 Qxc5 23. Rxc5 h6 24. Rfc1 Rc7 25. Rxc6 Rbxc6 26. Rxc6
Rxc6 27. Nxc6 Bd3 28. f3 Bb5 29. Ne5 g5 30. Kf2 Kg7 31. Ne2 h5 32. Nc3 Be8 33.
a4 Kf8 34. b5 axb5 35. axb5 Ke7 36. Nd3 Kd6 37. Nc5 g4 38. b6 Bc6 39. b7 Kc7
40. Nxe6+ Kxb7 41. Nd8+ Kc7 42. Nxc6 Kxc6 43. Kg3 Kd6 44. Kf4 Ke6 45. fxg4 hxg4
46. e4 dxe4 47. Nxe4 Nd5+ 48. Kxg4 Ne3+ 49. Kf3 Nxg2 50. Nc3 Nh4+ 51. Ke4 Nf5
52. d5+ Kf6 53. Nb5 Ng3+ 54. Kd4 Nf5+ 55. Kc5 Ke7 56. Kc6 Kd8 57. Nd6 Ne7+
1/2-1/2

[Event "Howell (US Am N/5/15)"]
[Site "?"]
[Date "1996.??.??"]
[Round "?"]
[White "Marson, Michael"]
[Black "Beckwith, Stan"]
[Result "1-0"]
[WhiteElo "1665"]
[BlackElo "1885"]
[PlyCount "35"]
[EventDate "1996.??.??"]

{5/(15)} 1. d4 d5 2. c4 c6 3. Nf3 Nf6 4. Nc3 g6 5. Bg5 Bg7 6. cxd5 cxd5 7. Qb3
e6 8. e4 dxe4 9. Nxe4 Qa5+ 10. Bd2 Qd5 11. Nxf6+ Bxf6 12. Bc4 Qe4+ 13. Be3 O-O
14. O-O Nc6 15. Rfe1 Na5 16. Qb4 Nc6 17. Qxf8+ Kxf8 18. Bh6+ 1-0

[Event "Detroit (Class C/5/1)"]
[Site "?"]
[Date "1996.??.??"]
[Round "?"]
[White "Marson, Michael"]
[Black "Asbury, Victor"]
[Result "0-1"]
[WhiteElo "1605"]
[BlackElo "1605"]
[PlyCount "74"]
[EventDate "1996.??.??"]

{5/(1)} 1. d4 Nf6 2. Nf3 c5 3. c3 b6 4. Nbd2 g6 5. e3 Bg7 6. Bd3 O-O 7. O-O Bb7
8. Re1 d5 9. Qc2 c4 10. Be2 Nbd7 11. b3 cxb3 12. axb3 Qc7 13. Bb2 Rfc8 14. Ra2
a6 15. Rea1 b5 16. c4 dxc4 17. bxc4 bxc4 18. Qxc4 Qxc4 19. Bxc4 Rxc4 20. Nxc4
Bd5 21. Nb6 Nxb6 22. Rxa6 Rxa6 23. Rxa6 Nc4 24. Bc3 h5 25. Bb4 e6 26. Ra7 Bh6
27. Rc7 Nxe3 28. fxe3 Bxe3+ 29. Kf1 Bxf3 30. gxf3 Bxd4 31. Bc3 Bxc3 32. Rxc3
Nd5 33. Ra3 Kg7 34. Kg2 h4 35. Kh3 g5 36. Ra7 Kg6 37. Ra8 Nf4+ 0-1

[Event "Detroit (WCO/2/9)"]
[Site "?"]
[Date "1996.??.??"]
[Round "?"]
[White "Marson, Michael"]
[Black "Aguilar, Javier"]
[Result "1-0"]
[WhiteElo "1665"]
[BlackElo "1605"]
[PlyCount "111"]
[EventDate "1996.??.??"]

{2/(9)} 1. d4 d5 2. c4 c6 3. Nc3 Nf6 4. Nf3 dxc4 5. Bg5 Bf5 6. Bxf6 exf6 7. e4
Bg6 8. Bxc4 Be7 9. O-O O-O 10. Qb3 b5 11. Be2 a6 12. a3 Nd7 13. Nh4 Kh8 14.
Nxg6+ fxg6 15. Rad1 Qc7 16. Rd3 Rad8 17. Rh3 h6 18. Bd3 f5 19. exf5 gxf5 20.
Qe6 Bf6 21. Bxf5 Rde8 22. Qxd7 Qxd7 23. Bxd7 Rd8 24. Bxc6 Bxd4 25. Rd3 Rf6 26.
Bf3 Bxf2+ 27. Rxf2 Rxd3 28. Re2 Rd8 29. Kf2 g5 30. h3 Rg8 31. Kg3 Rgf8 32. Nd5
Rd6 33. Ne7 Rdf6 34. Bh5 Kg7 35. Nd5 Rf5 36. Re7+ Kg8 37. Rd7 Rf2 38. Ne7+ Kh8
39. Ng6+ Kg8 40. Nxf8 Rxf8 41. Rd6 Kg7 42. Rxa6 Rb8 43. b3 Rd8 44. Be2 Rd4 45.
Bxb5 h5 46. Bc4 Rf4 47. a4 h4+ 48. Kh2 Re4 49. Rg6+ Kxg6 50. Bd3 Kf5 51. a5 Kf4
52. Bxe4 Kxe4 53. a6 Kf4 54. a7 g4 55. a8=Q g3+ 56. Kg1 1-0

[Event "Howell (US Am N/2/38)"]
[Site "?"]
[Date "1996.??.??"]
[Round "?"]
[White "Mann, G."]
[Black "Carpenter, George"]
[Result "1-0"]
[WhiteElo "1605"]
[BlackElo "1605"]
[PlyCount "89"]
[EventDate "1996.??.??"]

{2/(38)} 1. e4 d6 2. d4 Nf6 3. Nc3 g6 4. Nf3 Bg7 5. d5 O-O 6. Be2 Nbd7 7. O-O
c6 8. dxc6 bxc6 9. Re1 Bb7 10. Bd2 Nc5 11. Bd3 Qc7 12. Qc1 Nxd3 13. cxd3 Rfd8
14. Bh6 d5 15. Bxg7 Kxg7 16. e5 Nd7 17. d4 e6 18. Na4 Rac8 19. Nc5 Nxc5 20.
Qxc5 Qb6 21. b4 Qxc5 22. bxc5 Ba6 23. Rab1 Bd3 24. Rb7 a5 25. Ng5 Rf8 26. Nxe6+
Kg8 27. Nxf8 Kxf8 28. Ra7 Rb8 29. a3 Rb2 30. Rxa5 Ra2 31. h3 Ke7 32. e6 fxe6
33. Ra7+ Kf6 34. Rxh7 Rxa3 35. Rc1 Bb5 36. Rd1 Ra4 37. f4 Be2 38. Rd2 Bb5 39.
g4 Ra1+ 40. Kh2 Rf1 41. Kg3 Rh1 42. g5+ Kf5 43. Rf7+ Ke4 44. Rf6 Bf1 45. Rxe6+
1-0

[Event "Howell (US Am N/4/42)"]
[Site "?"]
[Date "1996.??.??"]
[Round "?"]
[White "Mann, G."]
[Black "Avery, Bill"]
[Result "1-0"]
[WhiteElo "1605"]
[BlackElo "1605"]
[PlyCount "111"]
[EventDate "1996.??.??"]

{4/(42)} 1. e4 d5 2. exd5 Nf6 3. c4 e6 4. dxe6 Bxe6 5. b3 Bb4 6. Bb2 O-O 7. Nf3
Re8 8. Be2 Nbd7 9. a3 Bd6 10. d4 c6 11. O-O Bg4 12. h3 Bh5 13. Nc3 h6 14. c5
Bc7 15. Qc2 Qe7 16. Rad1 Bg6 17. Bd3 Bxd3 18. Qxd3 Nd5 19. Nxd5 cxd5 20. b4 Qf6
21. Rfe1 Nf8 22. Qb5 Reb8 23. Re2 a6 24. Qd3 Ne6 25. Bc1 Re8 26. Rde1 Re7 27.
Bd2 Rae8 28. Qb3 Nxd4 29. Nxd4 Rxe2 30. Nxe2 g5 31. Qxd5 Rd8 32. Qa2 Qe5 33.
Ng3 Qd4 34. Be3 Qe5 35. Qa1 Qxa1 36. Rxa1 Rd3 37. Kf1 Bxg3 38. fxg3 Rxe3 39.
Kf2 Rd3 40. Ra2 f5 41. g4 fxg4 42. hxg4 Kf7 43. g3 Ke7 44. Re2+ Kd7 45. Re3 Rd5
46. Ke2 Rd4 47. Rd3 Rxd3 48. Kxd3 Kc6 49. Kc4 Kd7 50. Kd5 Kc7 51. a4 a5 52. b5
Kc8 53. c6 Kc7 54. Kc5 bxc6 55. bxc6 Kd8 56. Kb6 1-0

[Event "Lansing (MI Op/5/19)"]
[Site "?"]
[Date "1996.??.??"]
[Round "?"]
[White "Mankiewicz, Ryan"]
[Black "Williams, Ken"]
[Result "1/2-1/2"]
[WhiteElo "2005"]
[BlackElo "1905"]
[PlyCount "120"]
[EventDate "1996.??.??"]

{5/(19)} 1. e4 c5 2. Nf3 Nc6 3. d4 cxd4 4. Nxd4 g6 5. Nc3 Bg7 6. Be3 Nf6 7. Be2
O-O 8. Nb3 a5 9. a4 Nb4 10. O-O d5 11. e5 Ne4 12. Nxe4 dxe4 13. Qxd8 Rxd8 14.
Bb6 Rf8 15. c3 Nc6 16. Nc5 Nxe5 17. Nxe4 Be6 18. Nc5 Bc4 19. Rfe1 Bxe2 20. Rxe2
Nc4 21. Nd7 Rfe8 22. Rd1 e6 23. Bd4 Rad8 24. Bxg7 Kxg7 25. b3 Nb6 26. Red2 Nxd7
27. Rxd7 Rxd7 28. Rxd7 b6 29. Kf1 Rc8 30. c4 Rc6 31. Ke2 h5 32. Kd3 Kf8 33. Kc3
Ke8 34. Ra7 Rd6 35. b4 axb4+ 36. Kxb4 Rd2 37. Kb5 Rxf2 38. Kxb6 Rb2+ 39. Kc6
Rxg2 40. a5 Rxh2 41. a6 Ra2 42. Kb5 h4 43. Ra8+ Ke7 44. Rh8 Rb2+ 45. Kc6 Ra2
46. Kb7 Rb2+ 47. Ka8 g5 48. a7 Kd7 49. Rb8 Ra2 50. Rb7+ Kc8 51. Rxf7 h3 52.
Rf8+ Kc7 53. Rf7+ Kc6 54. Kb8 g4 55. Rh7 Kc5 56. a8=Q Rxa8+ 57. Kxa8 Kxc4 58.
Rh4 e5 59. Rxg4+ Kd3 60. Rg3+ Kd4 1/2-1/2

[Event "Detroit (Class A/3/1)"]
[Site "?"]
[Date "1996.??.??"]
[Round "?"]
[White "Mankiewicz, Ryan"]
[Black "Skidmore, Mike"]
[Result "1/2-1/2"]
[WhiteElo "1995"]
[BlackElo "1935"]
[PlyCount "92"]
[EventDate "1996.??.??"]

{3/(1)} 1. e4 c6 2. d4 d5 3. exd5 cxd5 4. c4 Nf6 5. c5 g6 6. Nc3 Bg7 7. Bb5+
Bd7 8. Bxd7+ Qxd7 9. Nf3 O-O 10. O-O Nc6 11. Rb1 Ng4 12. h3 Nh6 13. Bxh6 Bxh6
14. b4 Bg7 15. b5 Na5 16. Qa4 Nc4 17. Rfc1 e6 18. Qb4 Qc7 19. a4 Rfc8 20. Rc2
Bf8 21. Qb3 b6 22. cxb6 Qxb6 23. Ra2 Na5 24. Qb2 Rc4 25. Ne2 Rac8 26. Qd2 Bd6
27. Qh6 Qc7 28. g3 Bf8 29. Qe3 Qb6 30. Ne5 R4c7 31. Rc1 Nc4 32. Nxc4 Rxc4 33.
Rxc4 Rxc4 34. Qb3 Qa5 35. Kg2 Bg7 36. Rc2 Rxa4 37. Rc8+ Bf8 38. Qe3 Qb4 39. Qh6
Qe7 40. Nf4 Rc4 41. Ra8 Rc7 42. Nh5 gxh5 43. Rxf8+ Qxf8 44. Qg5+ Kh8 45. Qf6+
Kg8 46. Qg5+ Kh8 1/2-1/2

[Event "Lansing (MI Op/3/21)"]
[Site "?"]
[Date "1996.??.??"]
[Round "?"]
[White "Mankiewicz, Ryan"]
[Black "Kulbacki, James"]
[Result "0-1"]
[WhiteElo "2005"]
[BlackElo "1915"]
[PlyCount "96"]
[EventDate "1996.??.??"]

{3/(21)} 1. e4 e6 2. d4 d5 3. Nc3 Nf6 4. e5 Nfd7 5. Nce2 c5 6. c3 Nc6 7. f4 b5
8. Nf3 Qb6 9. g3 a5 10. Bh3 g6 11. O-O Ba6 12. Be3 b4 13. Qd2 Be7 14. Kh1 Rb8
15. Rac1 Qb5 16. Rfe1 Qd3 17. g4 h5 18. gxh5 Rxh5 19. Bg4 Rh8 20. Qxd3 Bxd3 21.
dxc5 g5 22. fxg5 Ndxe5 23. Nxe5 Nxe5 24. Bd4 Nxg4 25. Bxh8 Bxg5 26. Ng3 Bxc1
27. Rxc1 Kd7 28. Bd4 e5 29. Bg1 Kc6 30. h3 Nf6 31. Nf1 bxc3 32. b3 a4 33. Ne3
axb3 34. axb3 Rxb3 35. Nd1 Be4+ 36. Kh2 Rb2+ 37. Nxb2 cxb2 38. Rf1 b1=Q 39.
Rxf6+ Kd7 40. Rxf7+ Ke8 41. Rf2 d4 42. h4 Bf5 43. Re2 e4 44. Bxd4 Qd3 45. Rf2
Qxd4 46. Rxf5 e3 47. c6 Qxh4+ 48. Kg2 Qg4+ 0-1

[Event "Lansing (MI Op/1b/12)"]
[Site "?"]
[Date "1996.??.??"]
[Round "?"]
[White "Mankiewicz, Ryan"]
[Black "Haakonstad, Olaf"]
[Result "1-0"]
[WhiteElo "2005"]
[BlackElo "1800"]
[PlyCount "73"]
[EventDate "1996.??.??"]

1. e4 e5 2. Nf3 Nc6 3. d4 exd4 4. Bc4 Nf6 5. O-O Bc5 6. e5 d5 7. exf6 dxc4 8.
Re1+ Be6 9. Ng5 Qd5 10. Nc3 Qf5 11. Nce4 O-O-O 12. g4 Qe5 13. Nxe6 fxe6 14.
fxg7 Rhg8 15. Bh6 Bb6 16. Ng5 Qd5 17. Qe2 e5 18. Nxh7 Rd6 19. g5 d3 20. Qg4+
Kb8 21. Nf6 Qf7 22. Nxg8 Bxf2+ 23. Kg2 Rd4 24. Re4 dxc2 25. Nf6 Rd2 26. g8=Q+
Qxg8 27. Nxg8 Be3+ 28. Kh3 Rd3 29. Rxe3 Rxe3+ 30. Kg2 Nd4 31. Rf1 a6 32. g6
Re2+ 33. Kh3 e4 34. Ne7 Nf3 35. Rxf3 exf3 36. Qxf3 Rxe7 37. Qf8+ 1-0

[Event "Detroit (MI Team/2/2/3)"]
[Site "?"]
[Date "1996.??.??"]
[Round "?"]
[White "Mankiewicz, Ryan"]
[Black "Fuller, William"]
[Result "0-1"]
[WhiteElo "2010"]
[BlackElo "2040"]
[PlyCount "150"]
[EventDate "1996.??.??"]

{2/2} 1. e4 c5 2. c3 Nf6 3. e5 Nd5 4. d4 cxd4 5. Bc4 Nb6 6. Bb3 d6 7. Nf3 Nc6
8. exd6 Qxd6 9. cxd4 Be6 10. Be3 Bxb3 11. axb3 Nd5 12. O-O g6 13. Nc3 Bg7 14.
Qd2 O-O 15. Bh6 Rfd8 16. Bxg7 Kxg7 17. Rfd1 a6 18. Ne4 Qf4 19. Qxf4 Nxf4 20.
Kf1 b6 21. g3 Nd5 22. Ne5 Na5 23. Nc4 Nxb3 24. Ra3 Na5 25. Nxa5 bxa5 26. Rxa5
Nf6 27. Nxf6 Kxf6 28. Rda1 Rd6 29. b4 Rb8 30. Rxa6 Rxb4 31. Rxd6+ exd6 32. Rd1
Ke6 33. Ke2 Kd5 34. Ke3 f5 35. h4 Rb3+ 36. Rd3 Rb1 37. Rd2 h6 38. f3 Re1+ 39.
Kf2 Rh1 40. Ke3 Re1+ 41. Kf2 Re6 42. Rd1 Kc4 43. f4 Kd5 44. h5 gxh5 45. Rh1
Kxd4 46. Rxh5 Ke4 47. Ke2 d5 48. Rh1 Ra6 49. Rd1 Ra2+ 50. Kf1 d4 51. Re1+ Kf3
52. Rd1 Kxg3 53. Rxd4 Rf2+ 54. Kg1 Rxf4 55. Rd6 h5 56. Rh6 h4 57. Rh5 Rf3 58.
Rg5+ Kf4 59. Rh5 Ra3 60. Kh2 Kg4 61. Rh8 Ra2+ 62. Kg1 f4 63. Rg8+ Kf3 64. Rh8
Ra1+ 65. Kh2 Kf2 66. Rxh4 f3 67. Rh8 Rg1 68. Ra8 Re1 69. Rf8 Re6 70. Kh3 Ke2
71. Kg3 Rg6+ 72. Kh3 f2 73. Re8+ Kf1 74. Kh2 Rh6+ 75. Kg3 Kg1 0-1

[Event "Detroit (MI Team/4/1/3)"]
[Site "?"]
[Date "1996.??.??"]
[Round "?"]
[White "Mankiewicz, Ryan"]
[Black "Drkulec, Vladimir"]
[Result "1/2-1/2"]
[WhiteElo "2010"]
[BlackElo "2140"]
[PlyCount "53"]
[EventDate "1996.??.??"]

{4/1} 1. e4 e5 2. Nf3 Nc6 3. d4 exd4 4. Bc4 Bc5 5. c3 Nf6 6. cxd4 Bb4+ 7. Bd2
Bxd2+ 8. Nbxd2 d5 9. exd5 Nxd5 10. Qb3 Na5 11. Qa4+ c6 12. Bxd5 Qxd5 13. O-O
O-O 14. Rfe1 b6 15. Re5 Qd6 16. b4 Nb7 17. Ne4 Qh6 18. Ng3 Bg4 19. Rae1 a5 20.
a3 Bxf3 21. gxf3 Qf6 22. Nf5 Rab8 23. Qb3 Nd6 24. Nxd6 Qxd6 25. bxa5 bxa5 26.
Qe3 h6 27. Rc1 1/2-1/2

[Event "Detroit (Class A/5/3)"]
[Site "?"]
[Date "1996.??.??"]
[Round "?"]
[White "Mankiewicz, Ryan"]
[Black "Conlon, Russell"]
[Result "1/2-1/2"]
[WhiteElo "1995"]
[BlackElo "1875"]
[PlyCount "69"]
[EventDate "1996.??.??"]

{5/(3)} 1. e4 d5 2. exd5 Nf6 3. c4 c6 4. d4 cxd5 5. c5 e6 6. b4 Be7 7. Bb2 O-O
8. Bd3 b6 9. a3 Bb7 10. Ne2 Qc7 11. f3 Nbd7 12. Nd2 a5 13. Rc1 Rfc8 14. c6 axb4
15. cxb7 Qxb7 16. Rxc8+ Qxc8 17. a4 Bd6 18. O-O Qb8 19. g3 e5 20. Qb3 exd4 21.
Bxd4 Nc5 22. Bxc5 bxc5 23. Bb5 Qb6 24. Qe3 Ra7 25. Nc1 Re7 26. Qf2 Qc7 27. Re1
c4 28. Rxe7 Qxe7 29. Qe2 Qxe2 30. Nxe2 b3 31. Bxc4 Bc5+ 32. Kf1 dxc4 33. Nxc4
Nd5 34. Ke1 Nb6 35. Nd2 1/2-1/2

[Event "Ann Arbor (Mini-Swiss/1/3)"]
[Site "?"]
[Date "1996.??.??"]
[Round "?"]
[White "Mankiewicz, Ryan"]
[Black "Ashton, Jeff"]
[Result "0-1"]
[WhiteElo "2000"]
[BlackElo "1825"]
[PlyCount "90"]
[EventDate "1996.??.??"]

{1/(3)} 1. d4 Nf6 2. c4 c5 3. d5 e5 4. Nc3 d6 5. e4 Be7 6. Nge2 Nbd7 7. Ng3 Nf8
8. Bd3 Ng6 9. O-O O-O 10. a3 Ne8 11. b4 b6 12. Nce2 Bg5 13. Nf5 Bxc1 14. Qxc1
Nh4 15. Nxh4 Qxh4 16. f4 Nf6 17. g3 Qh3 18. Rf2 Ng4 19. Rg2 f5 20. bxc5 bxc5
21. Qd2 fxe4 22. Bxe4 Bf5 23. Bf3 e4 24. Bxg4 Qxg4 25. Rf2 Rab8 26. Nc3 Rfe8
27. Nd1 Rb3 28. Ne3 Qh3 29. Re2 Bg4 30. Nxg4 Qxg4 31. Re3 Reb8 32. Rae1 Qf5 33.
Rxe4 Rxa3 34. Qc2 Qf6 35. Re8+ Rxe8 36. Rxe8+ Kf7 37. Re6 Qa1+ 38. Re1 Qxe1+
39. Kg2 Re3 40. Qxh7 Qe2+ 41. Kh3 Qd3 42. f5 Qf1+ 43. Kh4 Re4+ 44. Kg5 Qc1+ 45.
Kh5 Qd1+ 0-1

[Event "Detroit (Class A/3/5)"]
[Site "?"]
[Date "1996.??.??"]
[Round "?"]
[White "Manion, Tom"]
[Black "Wisckol, Richard"]
[Result "0-1"]
[WhiteElo "1835"]
[BlackElo "1860"]
[PlyCount "148"]
[EventDate "1996.??.??"]

{3/(5)} 1. Nf3 d5 2. b3 Nf6 3. Bb2 e6 4. e3 c5 5. d4 Nc6 6. Bb5 a6 7. Bxc6+
bxc6 8. O-O cxd4 9. exd4 Bd6 10. Ne5 Qc7 11. Nd2 O-O 12. Rc1 Nd7 13. f4 f6 14.
Nd3 a5 15. Qg4 e5 16. f5 Ba6 17. c4 exd4 18. Nf4 Bxf4 19. Qxf4 Qxf4 20. Rxf4
dxc4 21. Rxd4 Ne5 22. Nxc4 Nxc4 23. bxc4 Rfd8 24. Rcd1 Rxd4 25. Rxd4 c5 26. Re4
Rd8 27. Ba3 Rd4 28. Re6 Bxc4 29. Re8+ Kf7 30. Ra8 Rd1+ 31. Kf2 Rf1+ 32. Ke3
Rxf5 33. Ra7+ Kg6 34. Rxa5 Bxa2 35. Rxc5 Bd5 36. g3 Rf3+ 37. Kd4 Rxa3 38. Kxd5
Ra2 39. h4 Ra3 40. g4 h5 41. gxh5+ Kxh5 42. Rc7 Rg3 43. Ke4 Kxh4 44. Rf7 Kh5
45. Kf4 Rg5 46. Rf8 Kg6 47. Kf3 Ra5 48. Rb8 Kg5 49. Rb7 g6 50. Rb6 Ra3+ 51. Kg2
f5 52. Rb5 Kg4 53. Rb4+ f4 54. Rb2 g5 55. Rc2 Rg3+ 56. Kf2 Rh3 57. Kg2 f3+ 58.
Kg1 Rh8 59. Rf2 Re8 60. Rf1 Kf4 61. Ra1 g4 62. Ra4+ Re4 63. Ra8 Rd4 64. Ra1 g3
65. Rc1 Rd8 66. Rb1 Ke3 67. Rb3+ Rd3 68. Rb1 Ke2 69. Rb2+ Rd2 70. Rb1 Rd1+ 71.
Rxd1 Kxd1 72. Kf1 Kd2 73. Kg1 Ke2 74. Kh1 f2 0-1

[Event "Eastpointe (EDO/3/6)"]
[Site "?"]
[Date "1996.??.??"]
[Round "?"]
[White "Manion, Tom"]
[Black "Scott, Steven"]
[Result "1-0"]
[WhiteElo "1865"]
[BlackElo "1815"]
[PlyCount "37"]
[EventDate "1996.??.??"]

{3/(6)} 1. e4 c5 2. Nf3 d6 3. Nc3 Nf6 4. Bc4 e6 5. d3 Be7 6. Bf4 Nc6 7. e5 dxe5
8. Nxe5 Nxe5 9. Bxe5 O-O 10. Qf3 Bd6 11. d4 cxd4 12. Bxd4 e5 13. Be3 Qe7 14.
O-O Bg4 15. Qg3 Bf5 16. Bb3 a6 17. Rad1 Rfd8 18. Bg5 h6 19. Nd5 1-0

[Event "Lansing (MI Op/5/25)"]
[Site "?"]
[Date "1996.??.??"]
[Round "?"]
[White "Manion, Tom"]
[Black "Moody, David"]
[Result "1-0"]
[WhiteElo "1865"]
[BlackElo "2050"]
[PlyCount "53"]
[EventDate "1996.??.??"]

{5/(25)} 1. e4 e5 2. Nf3 Nc6 3. Bb5 a6 4. Ba4 Nf6 5. O-O Be7 6. Re1 b5 7. Bb3
O-O 8. c3 d5 9. exd5 Nxd5 10. Nxe5 Nxe5 11. Rxe5 c6 12. d4 Bd6 13. Re1 Qh4 14.
g3 Qh3 15. Qd3 Bg4 16. Qf1 Qh5 17. Be3 Rae8 18. Nd2 Re6 19. a4 f5 20. f4 bxa4
21. Rxa4 Rfe8 22. Qf2 g5 23. fxg5 f4 24. gxf4 Bxf4 25. Bxd5 cxd5 26. Qxf4 Rf8
27. Qg3 1-0

[Event "Eastpointe (EDO/1/13)"]
[Site "?"]
[Date "1996.??.??"]
[Round "?"]
[White "Manion, Tom"]
[Black "Liu, Zhong"]
[Result "1-0"]
[WhiteElo "1865"]
[BlackElo "1605"]
[PlyCount "78"]
[EventDate "1996.??.??"]

{1/(13)} 1. e4 e5 2. Nf3 Nc6 3. Bb5 Nf6 4. O-O Be7 5. Re1 O-O 6. c3 a6 7. Ba4
b5 8. Bb3 Na5 9. Bc2 c5 10. Nxe5 d6 11. Nf3 Bb7 12. d3 Qc7 13. Bf4 Nc6 14. Nbd2
Ne5 15. Nxe5 dxe5 16. Bg3 Rad8 17. Qe2 Rfe8 18. Rad1 g6 19. Nf3 Bd6 20. Bh4 Be7
21. Bg5 Nh5 22. g3 Bxg5 23. Nxg5 Qc6 24. Bb3 Rd7 25. Qf3 Qf6 26. Qg4 Bc8 27.
Qh4 Ree7 28. Re3 h6 29. Nf3 Qxh4 30. Nxh4 c4 31. dxc4 Rxd1+ 32. Bxd1 bxc4 33.
Be2 Be6 34. Bxh5 gxh5 35. Nf3 f6 36. Re2 Bg4 37. Kg2 f5 38. h3 Bxf3+ 39. Kxf3
fxe4+ {[Remainder illegible; 1-0, 55?]} 1-0

[Event "Detroit (Class A/1/13)"]
[Site "?"]
[Date "1996.??.??"]
[Round "?"]
[White "Manion, Tom"]
[Black "Levadi, David"]
[Result "1-0"]
[WhiteElo "1835"]
[BlackElo "1900"]
[PlyCount "111"]
[EventDate "1996.??.??"]

{1/(13)} 1. c3 b6 2. d4 Nf6 3. Bg5 Ne4 4. Bf4 e6 5. f3 Bd6 6. Bxd6 Nxd6 7. e4
O-O 8. Bd3 Ba6 9. Ne2 Nc4 10. Bxc4 Bxc4 11. b3 Ba6 12. Qd2 Qe7 13. c4 b5 14.
cxb5 Bxb5 15. Nbc3 Ba6 16. O-O d6 17. Rfc1 Nd7 18. Rc2 c5 19. d5 e5 20. Ng3 g6
21. Rac1 Rab8 22. Nd1 Qd8 23. Nf2 h5 24. f4 exf4 25. Qxf4 Qf6 26. Qh6 Ne5 27.
Nxh5 Qh8 28. Qxh8+ Kxh8 29. Nf6 Kg7 30. N6g4 Nxg4 31. Nxg4 Bd3 32. Rf2 Rfe8 33.
e5 Bf5 34. Ne3 Rxe5 35. Nxf5+ gxf5 36. Rcf1 Rxd5 37. Rxf5 Rxf5 38. Rxf5 Kg6 39.
Rd5 Rb6 40. Kf2 Kf6 41. h4 Ke6 42. Rd1 a5 43. g4 Rb4 44. Kg3 a4 45. Rd3 d5 46.
h5 c4 47. bxc4 Rxc4 48. g5 Rc2 49. h6 Kf5 50. Rxd5+ Kg6 51. Rd8 Rc3+ 52. Kf4
Rc4+ 53. Ke5 f6+ 54. gxf6 Rc2 55. Rg8+ Kxh6 56. f7 1-0

[Event "Eastpointe (EDO/5/2)"]
[Site "?"]
[Date "1996.??.??"]
[Round "?"]
[White "Manion, Tom"]
[Black "Golonka, Stan"]
[Result "1/2-1/2"]
[WhiteElo "1865"]
[BlackElo "1900"]
[PlyCount "135"]
[EventDate "1996.??.??"]

{5/(2)} 1. e4 c5 2. Nf3 Nc6 3. d4 cxd4 4. Nxd4 e5 5. Nb5 a6 6. Nd6+ Bxd6 7.
Qxd6 Qf6 8. Qxf6 Nxf6 9. f3 d5 10. exd5 Nxd5 11. Bd2 Ndb4 12. Na3 Bf5 13. c3
Nd3+ 14. Bxd3 Bxd3 15. O-O-O O-O-O 16. Rhe1 Rhe8 17. Nc2 h6 18. Be3 Kc7 19. Bf2
f6 20. Ne3 b5 21. Rd2 Bc4 22. Nxc4 bxc4 23. Re4 Rxd2 24. Kxd2 Rd8+ 25. Kc2 Na5
26. f4 exf4 27. Re7+ Kd6 28. Rxg7 Nc6 29. Rg6 Ke5 30. Rxh6 Rg8 31. g3 f3 32.
Rh4 Kd5 33. Rf4 Ne5 34. Rxf6 Re8 35. Rf5 Kd6 36. Kd2 Rb8 37. b3 cxb3 38. axb3
Rxb3 39. Kc2 Ra3 40. Bc5+ Kxc5 41. Rxe5+ Kc4 42. Re4+ Kb5 43. Rd4 Kc5 44. Kb2
Ra5 45. Rf4 Rb5+ 46. Kc2 Ra5 47. h4 Ra2+ 48. Kd3 f2 49. Ke3 Rc2 50. h5 Rxc3+
51. Kxf2 Kd5 52. Rf8 Ke4 53. h6 Rc2+ 54. Kg1 Rc1+ 55. Kg2 Rc2+ 56. Kh3 Rc6 57.
Rf4+ Ke5 58. Rh4 Rc8 59. h7 Rh8 60. Rh6 Kf5 61. Kh4 a5 62. g4+ Kf4 63. g5 Kf5
64. g6 Kf6 65. Kg4 a4 66. Kf3 a3 67. Ke3 a2 68. Rh1 1/2-1/2

[Event "Lansing (MI Op/1a/10)"]
[Site "?"]
[Date "1996.??.??"]
[Round "?"]
[White "Manion, Tom"]
[Black "Eagle, Chris"]
[Result "0-1"]
[WhiteElo "1865"]
[BlackElo "2115"]
[PlyCount "100"]
[EventDate "1996.??.??"]

1. Nf3 c5 2. e3 Nc6 3. Bb5 Nf6 4. b3 g6 5. Bb2 Bg7 6. O-O Qc7 7. d4 cxd4 8.
exd4 a6 9. Be2 O-O 10. c4 d5 11. Ne5 dxc4 12. Nxc6 Qxc6 13. bxc4 Rb8 14. Nd2
Rd8 15. Bf3 Qb6 16. Qb3 Qxb3 17. Nxb3 b5 18. c5 Be6 19. Na5 Rbc8 20. Nc6 Re8
21. Rfe1 Kf8 22. a4 Bd5 23. Bxd5 Nxd5 24. axb5 axb5 25. Na7 Rb8 26. Nc6 Ra8 27.
Rxa8 Rxa8 28. Ra1 Rxa1+ 29. Bxa1 Ke8 30. Kf1 Kd7 31. Na5 Nb4 32. Nb3 Bf6 33.
Ke2 Kc6 34. Bc3 Nd5 35. Bd2 Nc7 36. Kd3 Kd5 37. f4 Ne6 38. Be3 Bg7 39. g3 Nd8
40. Na5 h5 41. h3 Bf6 42. Bf2 Ne6 43. Nb3 h4 44. Na1 hxg3 45. Nc2 Nxf4+ 46. Ke3
Bxd4+ 47. Nxd4 gxf2 48. Kxf2 Kxd4 49. c6 Ne6 50. h4 Kd3 0-1

[Event "Detroit (MI Action/1/25)"]
[Site "?"]
[Date "1996.??.??"]
[Round "?"]
[White "Maldonado, Ruben"]
[Black "Valdivia, Alex"]
[Result "1-0"]
[WhiteElo "1605"]
[BlackElo "1605"]
[PlyCount "47"]
[EventDate "1996.??.??"]

{1/(25)} 1. Nc3 Nf6 2. d4 d5 3. f4 Bf5 4. Nf3 Nc6 5. e3 e6 6. Bb5 Bb4 7. Bxc6+
bxc6 8. O-O Rb8 9. Bd2 O-O 10. Na4 Ne4 11. Bxb4 Rxb4 12. Nc5 Rxb2 13. Ne5 Nxc5
14. Nxc6 Bxc2 15. Nxd8 Bxd1 16. dxc5 Be2 17. Rf2 Rxd8 18. g4 Rdb8 19. f5 Bxg4
20. Rxb2 Rxb2 21. fxe6 Bxe6 22. c6 Rc2 23. Rb1 Rxc6 24. Rb8+ 1-0

[Event "Detroit (MI Action/5/23)"]
[Site "?"]
[Date "1996.??.??"]
[Round "?"]
[White "Maldonado, Ruben"]
[Black "Spindleman, Brian"]
[Result "0-1"]
[WhiteElo "1605"]
[BlackElo "1605"]
[PlyCount "100"]
[EventDate "1996.??.??"]

{5/(23)} 1. Nc3 Nf6 2. d4 g6 3. Bg5 Bg7 4. f4 d5 5. e3 O-O 6. Nf3 Nc6 7. Nb5
Bf5 8. Bd3 Ne4 9. Ne5 Nxe5 10. fxe5 a6 11. Nc3 f6 12. Bf4 e6 13. exf6 Bxf6 14.
Nxe4 dxe4 15. Bc4 b5 16. Be2 Bg5 17. Bxg5 Qxg5 18. Qc1 Qf6 19. h3 e5 20. dxe5
Qxe5 21. Bc4+ bxc4 22. O-O Rad8 23. Rd1 Rxd1+ 24. Qxd1 Bc8 25. b4 Qf5 26. b5
Qf2+ 27. Kh2 Qxe3 28. Qc1 Qc3 29. Qf1 Rxf1 30. Rxf1 axb5 31. Rd1 Qxc2 32. Rd8+
Kf7 33. Rxc8 Qxa2 34. Rxc7+ Ke6 35. Rc6+ Kd5 36. Rc7 e3 37. Rxh7 e2 38. Re7 Kd6
39. Re3 Qd2 40. Rf3 e1=Q 41. Rf6+ Kc5 42. Rf3 Qee2 43. Rg3 c3 44. Rg5+ Kc4 45.
Rxg6 c2 46. Rc6+ Kd4 47. Rg6 c1=Q 48. Rg5 Qcc2 49. h4 Qxg2+ 50. Rxg2 Qxg2# 0-1

[Event "Detroit (MI Action/5/19)"]
[Site "?"]
[Date "1996.??.??"]
[Round "?"]
[White "Maldonado, Florentino"]
[Black "Mahaffy, Mike"]
[Result "1-0"]
[WhiteElo "1605"]
[BlackElo "1605"]
[PlyCount "76"]
[EventDate "1996.??.??"]

{5/(19)} 1. e4 e5 2. Nf3 Nc6 3. d4 exd4 4. Nxd4 Nxd4 5. Qxd4 d6 6. Nc3 g6 7.
Qxh8 Nf6 8. Bh6 Nd7 9. Bxf8 Nxf8 10. Qd4 c5 11. Qd3 Ne6 12. O-O-O Nf4 13. Qd2
Bg4 14. f3 Be6 15. Bb5+ Ke7 16. Nd5+ Bxd5 17. exd5 g5 18. Rhe1+ Kf6 19. Qc3+
Kg6 20. Bd3+ Nxd3+ 21. Qxd3+ Kg7 22. g3 Qf6 23. h4 gxh4 24. gxh4 Qxh4 25. Rh1
Qf6 26. Qxh7+ Kf8 27. Qh8+ Qxh8 28. Rxh8+ Kg7 29. Rxa8 f5 30. Rg1+ Kf6 31. Rxa7
Ke5 32. Rxb7 Kxd5 33. Rd1+ Ke5 34. Re7+ Kf6 35. Rd7 Ke6 36. R1xd6+ Ke5 37. Rd5+
Kf4 38. Rxc5 Kxf3 $138 1-0

[Event "Detroit (MI Action/3/14)"]
[Site "?"]
[Date "1996.??.??"]
[Round "?"]
[White "Maldonado, Florentino"]
[Black "Gorman, J."]
[Result "0-1"]
[WhiteElo "1605"]
[BlackElo "1605"]
[PlyCount "41"]
[EventDate "1996.??.??"]

{3/(14)} 1. e4 e5 2. Nf3 d6 3. d4 exd4 4. Nxd4 Nf6 5. Nc3 Bg4 6. Nf3 Nc6 7. Be2
Bxf3 8. Bxf3 h6 9. Nd5 Ne7 10. Nxf6+ gxf6 11. e5 dxe5 12. Qxd8+ Rxd8 13. Bxb7
Rg8 14. O-O Nf5 15. Bc6+ Ke7 16. f4 Ke6 17. fxe5 fxe5 18. Be4 Nd6 19. Bd3 h5
20. h3 f5 21. c4 {[Remainder illegible; 0-1, 26?} 0-1